Ingeniería hidrológica
Bewaard in:
| Hoofdauteurs: | , |
|---|---|
| Formaat: | Boek |
| Taal: | Spaans |
| Gepubliceerd in: |
Granada
Grupo Editorial Universitario
2006
|
| Editie: | 2a. ed |
| Onderwerpen: | |
| Tags: |
Voeg label toe
Geen labels, Wees de eerste die dit record labelt!
|
MARC
| LEADER | 00000cam a2200000 a 4500 | ||
|---|---|---|---|
| 001 | UCE2713 | ||
| 003 | CL-VaPUC | ||
| 008 | 140724e20060000sp |||||||||||||||||spa|d | ||
| 020 | |a 8484916367 | ||
| 082 | 0 | 4 | |a 627 |b NAN |2 21 |
| 100 | |a Nanía, Leonardo S. |e autor |9 575264 | ||
| 700 | 0 | |a Gómez Valentín, Manuel |e author |9 575265 | |
| 245 | 1 | 0 | |a Ingeniería hidrológica |
| 250 | |a 2a. ed | ||
| 300 | |a 278 p | ||
| 942 | |c BK | ||
| 945 | |d 20140724 10:48:00 |a dcastane | ||
| 260 | |a Granada |b Grupo Editorial Universitario |c 2006 | ||
| 650 | 0 | |a Ingeniería hidráulica |9 260281 | |
| 650 | 0 | |a Hidráulica |9 260193 | |
| 583 | |a last modification |c 20140724 10:48:00 |k Rodrigo Vera | ||
| 999 | |c 356288 |d 356286 | ||
| 952 | |0 0 |1 0 |3 erb |4 0 |6 627_000000000000000_NAN_2006 |7 0 |8 A |9 463537 |a BIBING |b BIBING |i 5080258 |l 2 |o 627 NAN 2006 |p 5080258 |r 2025-01-20 |s 2020-07-28 |w 2019-11-23 |y BK |z Catalogado en:20140724 |k CCL | ||
| 952 | |0 0 |1 0 |3 erb |4 0 |6 627_000000000000000_NAN_2006 |7 0 |8 A |9 463538 |a BIBING |b BIBING |i 5080266 |l 1 |m 1 |o 627 NAN 2006 |p 5080266 |r 2025-01-20 |s 2023-05-05 |w 2019-11-23 |y BK |z Catalogado en:20140724 |k CCL | ||